000 01394cam a22002294a 4500
005 20250605164046.0
008 250528s ||||||||||||||||||||||||d
035 _a17124
020 _a534920268
040 _aGR-AtMCL
_bgre
_dGR-AtMCL
_eAACR2
245 1 _aMathematical Statistics with Applications / Fourth Edition
250 _a4th
260 _bPws-Kent Publishing Company,
_c1990
300 _a818
520 _aThis highly successful book gives the reader a solid foundation in statistical theory and, at the same time, provides an indication of the relevance and importance of the theory in solving practical problems in the real world. What is Statistics?, Probability, Discrete Random Variables and Their Probability Distributions, Continuous Random Variables and Their Probability Distributions, Multivariate Probability Distributions, Functions of Random Variables, Sampling Distributions and the Central Limit Theorem, Estimation, Properties of Point Estimators and Methods of Estimation, Hypothesis Testing, Linear Models and Estimation by Least Squares, Considerations in Designing Experiments, The Analysis of Variance, Analysis of Enumerative Data, Nonparametric Statistics, Appendices, Index.
700 1 _aMendenhall William
_93268
700 1 _aScheaffer Richard L
_93269
700 1 _aWackerly Dennis D
_93270
942 _cBK
999 _c2564
_d2564